000 00430nam a2200169Ia 4500
005 20241205012333.0
008 240331s9999 xx 000 0 und d
082 _bOBE
_a891
100 _aObeysekere, R
245 0 _aSinhala writing and the new critics
260 _aColombo
_bM.D. Gunasena & Co, Ltd
_c1974
300 _aXXXV, 119 P .,
650 _aBuddhism
650 _aCulture
650 _aSinhala Literature
942 _cL
999 _c3385
_d3385